000 00678nam a2200241Ia 4500
003 OSt
005 20221005065905.0
006 a|||||r|||| 00| 0
007 ta
008 221004b |||||||| |||| 00| 0 per d
024 _a15250
037 _cTextual
040 _aCRL
_cCRL
_bper
041 _2per
_aper
082 _aO164,1w2.L8, J8
100 _aGopamui Mohammad Qudarattulah Au.
_9605101
245 0 _aKitab tazkirah nataij al-afkar
260 _aMumbai
_bBukhari India
_c1958
300 _a800p.
_ccm.
650 _aPERSIAN POETRY
942 _hO164,1w2.L8, J8
_cTEXL
_2cc
999 _c975384
_d975384